000
00290nam a22001337a 4500
008
181205b xxu||||| |||| 00| 0 eng d
020
_a
9781936599042
041
_a
eng
080
_a
611
100
_a
7
101
_a
ANA
245
_a
Science Huamn Origins
_c
Gauger.A
942
_2
udc
_c
BK
999
_c
52864
_d
52864